Statistics for Westernmost Cities

Click here to take the quiz!

General Stats

  • This quiz has been taken 317 times
    (264 since last reset)
  • The average score is 14 of 24

Answer Stats

LongitudeCity% Correct
118°15′WLos Angeles
97%
122°20′WSeattle
96%
122°25′WSan Francisco
92%
117°10′WSan Diego
90%
122°41′WPortland
88%
123°06′WVancouver
88%
112°04′W Phoenix
82%
115°08′W Las Vegas
81%
104°59′WDenver
77%
99°08′WMexico City
72%
111°53′WSalt Lake City
69%
113°30′WEdmonton
66%
114°04′WCalgary
65%
121°28′WSacramento
65%
117°02′WTijuana
61%
106°25′WEl Paso
58%
103°21′WGuadalajara
58%
100°51′WMonterrey
47%
106°29′WCiudad Juárez
32%
101°41′WLeon
15%
102°18′WAguascalientes
8%
100°51′WSan Luis Potosi
8%
99°39′WToluca
8%
103°27′WTorreon
4%

Score Distribution

Percentile by Number Answered

Percent of People with Each Score

Your Score History

You have not taken this quiz since the last reset